000
00260nam a22001097a 4500
999
_c
64741
_d
64738
082
_a
۲۹۷.۱۶ م و د
100
_a
ابوالا علی مودودی
245
_a
تفھیم القرآن
260
_a
لاھور
_c
۱۹۸۷
300
_a
۷۱۲
942
_c
BK